00692nam a2200193Ia 450000500170000000800410001704100080005808200150006610000240008124500510010526000550015630000090021150000250022065000250024570000470027094200070031799900170032495201570034120230318140838.0230125s9999 xx 000 0 und d aeng a658.8bGHA aGharpurey M9115783 aMarketing Management : Principles and Concepts c2004bSymbiosis centre for distance learningaPune a248p aMarketing Management aMarketing Management aGharpurey M & Nandini Madan, Donor9115784 cBK c93590d93590 00104070aHIMRbHIMRd2015-06-16eDonated Book- Outside Donarg1.00o658.8 GHA DB1952pHIMR-DB-1952r2023-01-25 00:00:00v1.00w2023-01-25yDBzDB1952